Statistiken für Serien erraten mit Bildern

Klicken Sie hier um das Quiz zu spielen!

Allgemein

  • Dieses Quiz wurde 1.826 mal gespielt
  • Das Durchschnittsergebnis liegt bei 6 aus 15

Antwortstatistiken

Antwort% Korrekt
The Big Bang Theory
92%
Squid Game
90%
The Office
81%
The Good Doctor
75%
Orange is the new black
74%
Bojack Horseman
52%
Lost
49%
Chicago Fire
31%
Emergency Room
26%
The Handmaid's Tale
21%
Private Practice
16%
One tree hill
11%
Boston Legal
7%
Pushing Daisies
5%
30 Rock
3%

Verteilung der Resultate

Perzentil nach korrekt beantworteten Fragen

Anzahl Personen mit jedem Resultat

Ihre Resultats-Entwicklung

Sie haben dieses Quiz noch nicht gespielt